00513 2200193 4500001002100000005001500021035002000036007000300056008004100059020002200100082001000122084001600132100001400148245004700162250001100209260004800220300004100268650001000309INLIS00000000000133620211006093926 a0010-1021000108ta211006 d 0 ind  a978-623-92083-3-2 a741.5 a741.5 PID k0 aPidi Baiq1 aKomik Dilan 1990 Bagian Kedua /cPidi Baiq aCet. 1 aBandung :bThe Panasdalam Publishing,c2020 a268 hlm. :bilus. ;c14 cm x 20,5 cm akomik